• 首页
  • 本馆介绍
  • 公告通知
  • 最新文献
  • 馆藏检索
  • 电子资源
  • 读者导购
  • 参考咨询
  • 我的图书馆
  • 登录
  • 详细信息显示
  • 放入我的书架
  • 预约/预借图书
  • 作者相关作品
  • 分类相关作品
  • 丛书相关作品
  • 出版社相关作品

书目信息

  • 表格格式
  • 工作单格式
  • 卡片格式
题名:
文字上的中国-神话
    
 
作者: ;国学典藏丛书编委会 编著
分册:  
出版信息: 北京   中国铁道出版社  2018
页数: 365页
开本: 25cm
丛书名: 《国学典藏》丛书
单 册:
中图分类: H12-49 , I277.5
科图分类:
主题词: 汉语--通俗读物 , 神话--作品集--中国
电子资源:
ISBN: 978-7-113-23305-1
000 00920oam2 2200265 450
001 7213
005 20180605111127.11
010    @a978-7-113-23305-1@dCNY45.00
100    @a20180513d2018 em y0chiy50 ea
101 0  @achi
102    @aCN@b110000
105    @aa z 000yy
200 1  @a文字上的中国-神话@Awen zi shang de zhong guo-shen hua@9wen zi shang de zhong guo@f《国学典藏》丛书编委会编著
210    @a北京@c中国铁道出版社@d2018
215    @a365页@c图@d25cm
225 1  @a《国学典藏》丛书
330    @a本书介绍了中华文明中,那些寓意了劳动人民美好愿景的神话故事所代表的催人奋进、发人深省的中华民族的优秀传统文化。
461  0 @12001 @a《国学典藏》丛书
606 0  @a汉语@j通俗读物
606 0  @a神话@x作品集@y中国
690    @aH12-49@v5
690    @aI277.5@v5
711 02 @a国学典藏丛书编委会@9guo xue dian cang cong shu bian wei hui@4编著
801  0 @aCN@b91MARC@c20180513
905    @aMuseLib@dH12-49@e188
    
    文字上的中国-神话/《国学典藏》丛书编委会编著.-北京:中国铁道出版社,2018
    365页:图;25cm.-(《国学典藏》丛书)
    
    
    ISBN 978-7-113-23305-1:CNY45.00
    本书介绍了中华文明中,那些寓意了劳动人民美好愿景的神话故事所代表的催人奋进、发人深省的中华民族的优秀传统文化。
●
相关链接 在E读中查询图书 在五车中查询图书 在当当中查询图书 在豆瓣中查询图书


正题名:文字上的中国-神话     索取号:H12-49/188         预约/预借

序号 登录号 条形码 馆藏地/架位号 状态 备注
1 1116917   211169171   第二样本阅览室/ [索取号:H12-49/188] 在馆    
2 1116918   211169180   教育系资料室/ [索取号:H12-49/188] 在馆    
3 1116919   211169199   教育系资料室/ [索取号:H12-49/188] 在馆    
4 1116920   211169206   第四借阅区/ [索取号:H12-49/188] 在馆    
唐山师范学院图书馆 欢迎您!
大连网信软件有限公司© 版权所有